|
|
|
|
| LEADER |
01542nam a22004094a 4500 |
| 001 |
EBC298034 |
| 003 |
MiAaPQ |
| 005 |
20200520144314.0 |
| 006 |
m o d | |
| 007 |
cr cn||||||||| |
| 008 |
020125s2002 ne a sb 001 0 eng |
| 010 |
|
|
|z 2002020052
|
| 020 |
|
|
|z 0877193843 (pbk. : alk. paper)
|
| 035 |
|
|
|a (MiAaPQ)EBC298034
|
| 035 |
|
|
|a (Au-PeEL)EBL298034
|
| 035 |
|
|
|a (CaPaEBR)ebr10175525
|
| 035 |
|
|
|a (CaONFJC)MIL102255
|
| 035 |
|
|
|a (OCoLC)191035176
|
| 040 |
|
|
|a MiAaPQ
|c MiAaPQ
|d MiAaPQ
|
| 043 |
|
|
|a n------
|
| 050 |
|
4 |
|a HF1746
|b .A23 2002
|
| 082 |
0 |
4 |
|a 382/.917
|2 21
|
| 100 |
1 |
|
|a Abbott, Jeffrey.
|
| 245 |
1 |
0 |
|a Uniting North American business
|h [electronic resource] :
|b NAFTA best practices /
|c Jeffrey D. Abbott, Robert T. Moran.
|
| 260 |
|
|
|a Amsterdam ;
|a Boston :
|b Butterworth-Heinemann,
|c c2002.
|
| 300 |
|
|
|a xix, 221 p. :
|b ill.
|
| 490 |
1 |
|
|a Managing cultural differences series
|
| 504 |
|
|
|a Includes bibliographical references and index.
|
| 533 |
|
|
|a Electronic reproduction. Ann Arbor, MI : ProQuest, 2015. Available via World Wide Web. Access may be limited to ProQuest affiliated libraries.
|
| 610 |
1 |
0 |
|a Canada.
|t Treaties, etc.
|d (1992 Oct. 7)
|
| 650 |
|
0 |
|a Free trade
|z North America.
|
| 650 |
|
0 |
|a Globalization.
|
| 655 |
|
4 |
|a Electronic books.
|
| 700 |
1 |
|
|a Moran, Robert T.,
|d 1938-
|
| 710 |
2 |
|
|a ProQuest (Firm)
|
| 830 |
|
0 |
|a Managing cultural differences series (Boston, Mass.)
|
| 856 |
4 |
0 |
|u https://ebookcentral.proquest.com/lib/matrademy/detail.action?docID=298034
|z Click to View
|